[Event "GER-ch53 V10 email"]
[Site "GER email"]
[Date "2021.04.21"]
[Round "?"]
[White "Schulz, Guenter"]
[Black "Loeffler, Werner"]
[Result "1/2-1/2"]
[WhiteElo "2182"]
[BlackElo "2150"]
[PlyCount "62"]
[EventDate "2021.04.21"]
[EventType "tourn (corr)"]
[EventRounds "10"]
[EventCountry "GER"]
[SourceTitle "Corr 2024"]
[Source "ChessBase"]
[SourceDate "2023.10.19"]
[SourceVersion "1"]
[SourceVersionDate "2023.10.19"]
[SourceQuality "1"]

1. e4 c5 2. Nf3 Nc6 3. d4 cxd4 4. Nxd4 Nf6 5. Nc3 e5 6. Ndb5 d6 7. Bg5 a6 8. Na3 b5 9. Nd5 Be7 10. Bxf6 Bxf6 11. c3 Ne7 12. Nxf6+ gxf6 13. Nc2 Bb7 14. Bd3 d5 15. Qe2 dxe4 16. Bxe4 Bxe4 17. Qxe4 Qd5 18. Qxd5 Nxd5 19. 0-0-0 0-0-0 20. Rd2 Rd7 21. Rhd1 Rhd8 22. g3 f5 23. Re1 f6 24. f4 exf4 25. Nd4 fxg3 26. hxg3 Nc7 27. Rf2 Re8 28. Rxe8+ Nxe8 29. Nxf5 Nd6 30. Nxd6+ Rxd6 31. Kc2 Kb7 1/2-1/2

[Event "GER-ch51 final email"]
[Site "GER email"]
[Date "2021.01.18"]
[Round "?"]
[White "Loeffler, Werner"]
[Black "Amann, Hubert"]
[Result "1/2-1/2"]
[WhiteElo "2412"]
[BlackElo "2404"]
[PlyCount "72"]
[EventDate "2021.??.??"]
[EventType "tourn (corr)"]
[EventRounds "14"]
[EventCountry "GER"]
[SourceTitle "Corr 2022"]
[Source "ChessBase"]
[SourceDate "2021.10.24"]
[SourceVersion "1"]
[SourceVersionDate "2021.10.24"]
[SourceQuality "1"]

1. d4 Nf6 2. c4 e6 3. g3 d5 4. Bg2 Bb4+ 5. Bd2 Be7 6. Nf3 c6 7. Qc2 0-0 8. 0-0 b6 9. Rd1 Nbd7 10. Bf4 Ba6 11. Ne5 Rc8 12. Nc3 Bxc4 13. Nxc4 dxc4 14. e4 b5 15. d5 cxd5 16. exd5 Qb6 17. dxe6 fxe6 18. a4 b4 19. Nb5 Nd5 20. Bxd5 exd5 21. Rxd5 Nf6 22. Re5 Bc5 23. Qxc4+ Kh8 24. Qe2 a6 25. Re6 Bxf2+ 26. Kf1 Qb7 27. Nd6 Qh1+ 28. Kxf2 Qxa1 29. Nxc8 Rxc8 30. Be5 Ng4+ 31. Qxg4 Rc2+ 32. Ke3 Qe1+ 33. Kf4 Rf2+ 34. Kg5 Qd2+ 35. Bf4 Qd8+ 36. Kf5 Qd3+ 1/2-1/2

[Event "GER-ch51 final email"]
[Site "GER email"]
[Date "2021.01.18"]
[Round "?"]
[White "Loeffler, Werner"]
[Black "Jung, Reiner"]
[Result "1/2-1/2"]
[WhiteElo "2412"]
[BlackElo "2336"]
[PlyCount "70"]
[EventDate "2021.??.??"]
[EventType "tourn (corr)"]
[EventRounds "14"]
[EventCountry "GER"]
[SourceTitle "Corr 2022"]
[Source "ChessBase"]
[SourceDate "2021.10.24"]
[SourceVersion "1"]
[SourceVersionDate "2021.10.24"]
[SourceQuality "1"]

1. d4 Nf6 2. c4 g6 3. g3 Bg7 4. Bg2 c5 5. Nf3 Qa5+ 6. Bd2 Qb6 7. dxc5 Qxc5 8. Qb3 Ne4 9. Be3 Qa5+ 10. Nbd2 Nc6 11. 0-0 Nd6 12. Bf4 Nf5 13. Ne4 0-0 14. Nc3 Bxc3 15. bxc3 d6 16. Rfd1 e5 17. Bg5 Qc7 18. c5 Be6 19. Qa3 d5 20. Bf6 Ng7 21. c4 d4 22. e3 Ne8 23. Bg5 dxe3 24. Bxe3 f6 25. Nd2 Rd8 26. Qb3 Ng7 27. Ne4 Rxd1+ 28. Qxd1 Nf5 29. Rb1 Kg7 30. Nd6 Rd8 31. Qb3 Na5 32. Qb5 Nxd6 33. cxd6 Rxd6 34. Bxa7 Qd7 35. h4 Qxb5 1/2-1/2